000 00478nam a22001697a 4500
999 _c62603
_d62603
005 20241216165249.0
008 241216s2024 enk||||| |||| 00| 0 eng d
020 _a9789464262780x
041 _aeng
080 _a94(37) S-88
245 _aStrategy and Structures along the Roman Frontier /
_bLIMES XXV volume 2.
264 _aLeiden,
_c2024.
300 _a463 p.:
_bill.;
_c29 cm.
653 _aრომი
653 _aისტორია
942 _2udc
_cᲬᲘᲒᲜᲘ